| 000 | 00000nam 2200000zi 4500 |
| 001 | 9.892717 |
| 003 | CaOODSP |
| 005 | 20230818074122 |
| 006 | m o d f |
| 007 | cr ||||||||||| |
| 008 | 201020e197810##onc o f100 0 fre d |
| 040 | |aCaOODSP|bfre|erda|cCaOODSP |
| 043 | |an-cn--- |
| 086 | 1 |aRG31-67/1978F-PDF |
| 245 | 00|aConférence nationale de l'aide au consommateur : |brapport du secrétariat de la Conférence / |crédigé par la Direction de l'aide aux consommateurs. |
| 264 | 1|a[Ottawa] : |bDirection de l'aide au consommateur, [Consommation et corporations Canada], |coctobre 1978. |
| 300 | |a1 ressource en ligne (15, 63 pages) |
| 336 | |atexte|btxt|2rdacontent/fre |
| 337 | |ainformatique|bc|2rdamedia/fre |
| 338 | |aressource en ligne|bcr|2rdacarrier/fre |
| 500 | |aÉdition numérisée de l'imprimé [par Innovation, Sciences et Développement économique Canada]. |
| 650 | 6|aConsommateurs|xProtection|zCanada|vCongrè€s. |
| 650 | 0|aConsumer protection|zCanada|vCongresses. |
| 655 | 7|aActes de congrès|2rvmgf |
| 655 | 7|aConference papers and proceedings|2lcgft |
| 710 | 1 |aCanada. |bConsommation et corporations Canada, |eorganisme de publication. |
| 856 | 40|qPDF|s606 Ko|uhttps://publications.gc.ca/collections/collection_2023/isde-ised/RG31-67-1978-fra.pdf |